000 00301nam a2200121Ia 4500
005 20251222154326.0
008 251222s9999||||xx |||||||||||||| ||spa||
020 _a84-277-0631-6
082 _a372.6/R84
100 _a"Rosales, Carlos"
245 0 _aDidáctica de la comunicación verbal
942 _cLIB
999 _c33953
_d33953